Top 20 2025 NBA Draft Picks - Statistics

General Stats
  • This quiz has been taken 25 times
  • The average score is 12 of 20
Answer Stats
Hint Answer % Correct
Mavericks Cooper Flagg
100%
Jazz Ace Bailey
95%
Spurs Dylan Harper
95%
76ers V.J. Edgecombe
79%
Trailblazers Yang Hansen
74%
Spurs Carter Bryant
63%
Suns Khaman Maluach
63%
Hornets Kon Knueppel
63%
Wizards Tre Johnson
63%
Pelicans Derik Queen
58%
Nets Egor Demin
58%
Pelicans Jeremiah Fears
53%
Heat Kasparas Jakucionis
53%
Bulls Noa Essengue
53%
Jazz Walter Clayton JR
53%
Grizzlies Cedric Coward
47%
Raptors Collin Murray-Boyles
47%
Nets Nolan Traore
47%
Thunder Thomas Sorber
47%
Pistons Joan Beringer
32%
No matching quizzes found
Score Distribution
Percent of People with Each Score
Percentile by Number Answered
Your Score History
You have not taken this quiz